000 00259nam a22001097a 4500
082 _a332.45 MCM
100 _aMcmahon, Christopher
245 _aSterling in the Sixties
260 _aLondon
_bOxford university
_c1964
300 _avi, 118p.
_b11cm.
942 _cBK
999 _c14947
_d14947